Multiple Choice City Quiz - Leeds - Statistics

General Stats
  • This quiz has been taken 57 times
  • The average score is 7 of 10
Answer Stats
Question Answer % Correct
Since the Industrial Revolution Leeds has been connected to which city by canal? Liverpool
96%
Rockstar Games has a studio in Leeds, which game franchise do they produce? Grand Theft Auto
86%
Which two sports are played at Headingley Stadium ? Cricket and Rugby
84%
What colour is the home strip of Leeds United F.C.? White
84%
Leeds is situated in the foothills of which range of hills? Pennines
80%
Which British TV soap opera is filmed partly in Leeds? Emmerdale
78%
Which river flows through Leeds? River Aire
78%
As well as being a tourist attraction in it's own right, which park in Leeds is the venue for music concerts and festivals? Roundhay Park
71%
What did the World Health Organisation declare "unsafe" in Leeds in 2019? Air Quality
37%
Leeds has the third largest community after London and Manchester, of which religious community? Jewish
33%
No matching quizzes found
Score Distribution
Percent of People with Each Score
Percentile by Number Answered
Your Score History
You have not taken this quiz